| 000 | 01209nam a2200217Ii 4500 | ||
|---|---|---|---|
| 003 | JO-AjNU | ||
| 008 | 230605s9999||||xx |||||||||||||| ||und|| | ||
| 017 | _a2010/10149 | ||
| 040 |
_aJO-AjNU _bara _erda _cJO-AjNU |
||
| 041 | _aara | ||
| 050 | 1 | 4 | _aHD3872.A65. S43 2011 |
| 100 | 3 |
_aالمنظمة العربية للتنمية الادارية, _eauthor _933916 |
|
| 245 | 0 | 0 | _aالشراكة والتنمية : دور الشراكة بين القطاعين العام والخاص في تحقيق التنمية المستدامة : بحوث وأوراق عمل مؤتمر "الشراكة بين القطاعين العام والخاص" |
| 264 | 3 | 1 | _aالقاهرة: المنظمة العربية للتنمية الادارية، 2011 |
| 300 |
_a288ص عربي ، 51ص انجليزي _b بحوث وأوراق عمل مؤتمر "الشراكة بين القطاعين العام والخاص" |
||
| 336 |
_atext _btxt _2rdacontent |
||
| 337 |
_aunmediated _bn _2rdamedia |
||
| 338 |
_avolume _bnc _2rdacarrier |
||
| 490 | 0 | _aاعمال مؤتمرات | |
| 650 | 4 |
_aالتعاون بين القطاعين العام والخاص -التنمية الاقتصادية - الدول العربية _933917 |
|
| 999 |
_aA13852 _c17420 _d17420 |
||